[Event "Olimpiade 2014 - Open"]
[Site "Tromsø"]
[Date "14.08.2014"]
[Round "11.61"]
[Board "1"]
[White "Banlock, Benjamin Didier"]
[Black "Elarbi, Abobker"]
[Result "0-1"]
[BlackTitle "FM"]
[WhiteElo "2054"]
[BlackElo "2283"]
[WhiteTeam "Cameroon"]
[BlackTeam "Libya"]
[WhiteFideId "15800059"]
[BlackFideId "9200355"]
[EventDate "2014.08.02"]

1. d4 Nf6 2. c4 e6 3. Nf3 Bb4+ 4. Bd2 Be7 5. g3 d5 6. Bg2 O-O 7. O-O Ne4 8. Be3
c6 9. Qc2 Nd7 10. Nfd2 Nd6 11. Bf4 Nf5 12. Nf3 g5 13. cxd5 gxf4 14. dxe6 fxe6
15. Rd1 Nb6 16. gxf4 Bf6 17. e3 Nh4 18. Nxh4 Bxh4 19. Be4 Qe7 20. Kh1 Bd7 21.
Nc3 Kh8 22. Rg1 Rg8 23. Qe2 Rxg1+ 24. Rxg1 Rg8 25. Rxg8+ Kxg8 26. Qh5 Bxf2 27.
Nd1 Bh4 28. Bd3 Bf6 29. Qh6 Qg7 30. Bxh7+ Kh8 31. Qxg7+ Kxg7 32. Bd3 Nd5 33. Be4
Be8 34. Bf3 Bg6 35. Kg2 Bc2 36. Bxd5 exd5 37. Nc3 b5 38. a3 Bh4 39. Kf3 Be1 40.
Ke2 Bxc3 41. bxc3 Kf6 42. Kf3 Kf5 43. Kg3 Bd1 44. Kh4 Kg6 45. Kg3 Bc2 46. Kg4
Bf5+ 47. Kh4 Kh6 48. Kg3 Kh5 49. h4 a6 50. Kg2 Kxh4 51. Kf3 Kh3 52. Kf2 Kg4 53.
Kg2 Bd3 54. Kf2 Be4 55. Ke2 Kg3 56. Ke1 Kf3 57. Kd2 Bf5 58. Kc1 Kxe3 59. Kb2
Kxf4 60. a4 bxa4 61. Ka3 Bc2 62. Kb4 a5+ 63. Ka3 Ke3 0-1

[Event "Olimpiade 2014 - Open"]
[Site "Tromsø"]
[Date "14.08.2014"]
[Round "11.61"]
[Board "3"]
[White "Makem, Pierre"]
[Black "Gator, Mosab"]
[Result "0-1"]
[WhiteTitle "CM"]
[BlackTitle "FM"]
[WhiteElo "1928"]
[BlackElo "2166"]
[WhiteTeam "Cameroon"]
[BlackTeam "Libya"]
[WhiteFideId "11000805"]
[BlackFideId "1312383"]
[EventDate "2014.08.02"]

1. Nf3 Nf6 2. d4 e6 3. e3 b6 4. Bd3 Bb7 5. c4 Bb4+ 6. Nbd2 Ne4 7. O-O f5 8. a3
Be7 9. Qc2 d5 10. Qa4+ c6 11. Ne5 O-O 12. f3 Nd6 13. e4 dxe4 14. fxe4 Nxe4 15.
Ndf3 c5 16. Be3 cxd4 17. Bxe4 Bxe4 18. Rad1 Qc7 19. Bxd4 Nc6 20. Nxc6 Bxc6 21.
Qc2 Bd6 22. Qe2 Rae8 23. Ng5 e5 24. Bc3 Rf6 25. Bb4 Bxb4 26. axb4 h6 27. Nf3 f4
28. b5 Ba8 29. b4 Qe7 30. Qd2 e4 31. Rfe1 Rf7 32. Re2 g5 33. Nd4 e3 34. Qd3 Be4
35. Qb3 Bg6 36. Nc6 Qf6 37. c5 Bh5 38. Rd6 Qa1+ 39. Rd1 Qg7 40. Rd8 Rxd8 41. g4
Qa1+ 0-1

[Event "Olimpiade 2014 - Open"]
[Site "Tromsø"]
[Date "14.08.2014"]
[Round "11.62"]
[Board "1"]
[White "Lopez Azambuja, Nicolas"]
[Black "Huguet, Sergio"]
[Result "1-0"]
[WhiteTitle "FM"]
[BlackTitle "FM"]
[WhiteElo "2255"]
[BlackElo "2055"]
[WhiteTeam "Uruguay"]
[BlackTeam "Honduras"]
[WhiteFideId "3003809"]
[BlackFideId "2212552"]
[EventDate "2014.08.02"]

1. d4 Nf6 2. c4 g6 3. Nc3 Bg7 4. e4 d6 5. Nf3 O-O 6. Be2 e5 7. O-O Nc6 8. d5 Ne7
9. Ne1 Nd7 10. Be3 f5 11. f3 f4 12. Bf2 g5 13. g4 h5 14. h3 hxg4 15. hxg4 Ng6
16. Nd3 Kf7 17. Kg2 Nh4+ 18. Bxh4 gxh4 19. Nf2 a5 20. Rh1 Nc5 21. Nd3 Nxd3 22.
Qxd3 Rh8 23. Kh3 Bd7 24. Qd1 Bf6 25. Qg1 Qb8 26. Rc1 b6 27. Bd1 Qe8 28. Bc2 Ra7
29. Qd1 a4 30. Ra1 Qa8 31. Qd2 Qb7 32. Bd3 Bg5 33. Qf2 Rh6 34. Rhb1 Rh8 35. Ne2
Rha8 36. Nc1 Rh8 37. Be2 Rha8 38. Nd3 Rh8 39. Qe1 Rha8 40. Qc3 Bf6 41. Rh1 Rh8
42. Kg2 Raa8 43. Rh3 Qa7 44. Rah1 Qa5 45. Qxa5 Rxa5 46. Kf1 Rh6 47. Ke1 Bg5 48.
Kd1 Ra8 49. Kc2 Ra5 50. Kc3 Bf6 51. Kb4 Be7 52. Kc3 Bf6 53. Ne1 Ra8 54. Nc2 Ra5
55. Na3 Be7 56. Rc1 Rh8 57. Kd2 Bg5 58. Kd3 Ke7 59. Rc3 Kf7 60. Rc1 Ke7 61. Rch1
Rh6 62. Kc3 Kf7 63. Nc2 Be7 64. Ne1 Ra8 65. Ng2 Rah8 66. b4 axb3 67. axb3 Ra8
68. Kb2 Bg5 69. Ra1 Rxa1 70. Kxa1 Rh8 71. Kb2 Ra8 72. Rh1 Rh8 73. Rh3 Ra8 74.
Ne1 Rh8 75. Bf1 Ra8 76. Nd3 Bf6 77. Rh1 Bg5 78. Bh3 Ra7 79. Rc1 Be7 80. Nb4 Bg5
81. Bf1 Ra8 82. Ra1 Rxa1 83. Kxa1 Ke7 84. Kb2 Kd8 85. Kc2 Kc8 86. Nd3 Kb7 87.
Kd1 c5 88. dxc6+ Bxc6 89. Kc2 Bf6 90. Nf2 Bd7 91. Kc3 Be7 92. Nd1 b5 93. Nf2
bxc4 94. Bxc4 Kb6 95. Nh3 Bd8 96. b4 Be7 97. Kd2 d5 98. Bxd5 Bxb4+ 99. Ke2 Be7
100. Bf7 Kc5 101. Bg6 Kd4 102. Bf5 Bb5+ 103. Kf2 Kd3 104. g5 Bc5+ 105. Kg2 Ke3
106. g6 Bf8 107. Ng5 Bc4 108. Be6 Be2 109. Bg4 Bc4 110. Kh3 Kf2 111. Kxh4 Bg7
112. Bh5 Bb3 113. Kg4 Bc4 114. Kf5 Kg3 115. Ne6 Bh8 116. Bg4 Kh4 117. Nc5 Bb5
118. Ke6 Bc4+ 119. Kd6 Kg5 120. Nd7 Be2 121. Nxe5 Kf6 122. Bf5 Bb5 123. Ng4+ Kg7
124. e5 Be8 125. e6 Kf8 126. e7+ Kg7 127. Kc7 Ba4 128. Bd7 1-0

[Event "Olimpiade 2014 - Open"]
[Site "Tromsø"]
[Date "14.08.2014"]
[Round "11.62"]
[Board "2"]
[White "Medina Viana, Ricardo"]
[Black "Roselli Mailhe, Bernardo"]
[Result "1/2-1/2"]
[WhiteTitle "CM"]
[BlackTitle "IM"]
[WhiteElo "2063"]
[BlackElo "2425"]
[WhiteTeam "Honduras"]
[BlackTeam "Uruguay"]
[WhiteFideId "8400342"]
[BlackFideId "3000028"]
[EventDate "2014.08.02"]

1. d4 Nf6 2. c4 g6 3. Nc3 Bg7 4. e4 d6 5. Nf3 O-O 6. Be2 e5 7. O-O Nc6 8. d5 Ne7
9. b4 Ne8 10. Nd2 f5 11. c5 Nf6 12. f3 f4 13. cxd6 cxd6 14. Nc4 Bd7 15. Bd2 g5
16. Be1 Ng6 17. Bf2 Qb8 18. Rc1 Rf7 19. a4 Bf8 20. Na5 Rg7 21. Nb5 g4 22. Rc7 g3
23. hxg3 fxg3 24. Bxg3 Nh5 25. Bh2 Bxb5 26. Rxg7+ Bxg7 27. Bxb5 Qd8 28. Kh1 a6
29. Bd3 Qb6 30. Qd2 Rc8 31. Nc4 Qc7 32. a5 Qe7 33. g3 Qf8 34. Qg2 Nf6 35. Qh3
Re8 36. Bg1 Qe7 37. Be3 Bf8 38. Bd2 Qg7 39. Rf2 Nh8 40. Rh2 Nf7 41. Ne3 Ng5 42.
Qf1 Qg6 43. Nf5 Kh8 44. g4 Rc8 45. Nh4 Qg7 46. Nf5 Qg6 47. Nh4 Qg7 48. Nf5 1/2-1/2

[Event "Olimpiade 2014 - Open"]
[Site "Tromsø"]
[Date "14.08.2014"]
[Round "11.62"]
[Board "3"]
[White "Muniz, Rafael"]
[Black "Gavarrete, Nahun"]
[Result "1/2-1/2"]
[WhiteElo "2272"]
[BlackElo "2190"]
[WhiteTeam "Uruguay"]
[BlackTeam "Honduras"]
[WhiteFideId "3000486"]
[BlackFideId "8400709"]
[EventDate "2014.08.02"]

1. e4 c5 2. Nf3 d6 3. d4 cxd4 4. Nxd4 Nf6 5. Nc3 a6 6. Bg5 e6 7. f4 Be7 8. Qe2
Nbd7 9. O-O-O Qc7 10. Nf3 h6 11. Bh4 e5 12. g3 b5 13. Bh3 Nb6 14. Bxc8 Rxc8 15.
Bxf6 Bxf6 16. Nd5 Nxd5 17. exd5 O-O 18. fxe5 Bxe5 19. Kb1 Bxb2 20. Kxb2 Qc3+ 21.
Kb1 Qb4+ 22. Ka1 Qc3+ 23. Kb1 Qb4+ 24. Ka1 Qc3+ 25. Kb1 Qb4+ 1/2-1/2

[Event "Olimpiade 2014 - Open"]
[Site "Tromsø"]
[Date "14.08.2014"]
[Round "11.62"]
[Board "4"]
[White "Hernandez, Juan Carlos"]
[Black "Coppola, Claudio"]
[Result "0-1"]
[BlackTitle "IM"]
[WhiteElo "1964"]
[BlackElo "2190"]
[WhiteTeam "Honduras"]
[BlackTeam "Uruguay"]
[WhiteFideId "8400318"]
[BlackFideId "3001717"]
[EventDate "2014.08.02"]

1. e4 c5 2. Nf3 d6 3. d4 cxd4 4. Nxd4 Nf6 5. Nc3 g6 6. Be3 Bg7 7. f3 O-O 8. Qd2
Nc6 9. g4 Be6 10. Nxe6 fxe6 11. Nb5 d5 12. g5 Nh5 13. O-O-O a6 14. Nd4 Nxd4 15.
Bxd4 e5 16. Bc5 Rc8 17. Ba3 d4 18. Bh3 Rc6 19. Bg4 Nf4 20. Kb1 Qc7 21. h4 Rd8
22. h5 e6 23. hxg6 hxg6 24. Rh2 d3 25. c3 b5 26. Qe3 a5 27. Rhd2 Rc8 28. Qf2 b4 0-1

[Event "Olimpiade 2014 - Open"]
[Site "Tromsø"]
[Date "14.08.2014"]
[Round "11.63"]
[Board "1"]
[White "Sanches, Romario"]
[Black "Yaaqoub, Rashid"]
[Result "0-1"]
[WhiteTitle "CM"]
[BlackTitle "FM"]
[WhiteElo "2083"]
[BlackElo "2164"]
[WhiteTeam "Surinam"]
[BlackTeam "Sudan"]
[WhiteFideId "8200211"]
[BlackFideId "12200336"]
[EventDate "2014.08.02"]

1. e4 Nc6 2. Nc3 e5 3. Bc4 Nf6 4. d3 Bc5 5. f4 d6 6. Nf3 Bg4 7. Na4 Bxf3 8. Qxf3
Nd4 9. Qd1 b5 10. Bxf7+ Kxf7 11. Nxc5 dxc5 12. fxe5 Nd7 13. c3 Ne6 14. O-O+ Kg8
15. d4 cxd4 16. cxd4 c5 17. d5 Qe8 18. dxe6 Qxe6 19. Qd6 Qxd6 20. exd6 Re8 21.
Bf4 Kf7 22. Bg5+ Nf6 23. Rae1 Re5 24. Bh4 Ke6 25. Bg3 Rh5 26. Rf3 a5 27. Bf4 Rf8
28. Bd2 c4 29. Bxa5 Ra8 30. Bc3 Rxa2 31. Rd1 Nd7 32. Bxg7 b4 33. h3 Rg5 34. Bh6
Rg6 35. Bc1 Ne5 36. Rf5 Nd3 37. Rd5 Kd7 38. Rh5 h6 39. Bxh6 Nxb2 40. Rdd5 Nd3
41. Bg5 Rxd6 42. Rb5 Rg6 43. g4 Rd6 44. Be3 Kc7 45. Rh7+ Rd7 46. Rh6 b3 47. Bb6+
Kc8 48. Ba5 Rxa5 49. Rxa5 b2 50. Rb5 c3 51. g5 c2 52. Rc6+ Rc7 53. Rxc2 Rxc2 54.
h4 Ne5 55. h5 Nf3+ 56. Kf1 Nxg5 57. h6 Rc1+ 58. Kg2 b1=Q 59. Rxb1 Rxb1 60. Kg3
Rb5 61. Kg4 Nxe4 62. Kh4 Nf6 0-1

[Event "Olimpiade 2014 - Open"]
[Site "Tromsø"]
[Date "14.08.2014"]
[Round "11.63"]
[Board "2"]
[White "Ahmed, Abuzied"]
[Black "Matoewi, Roger"]
[Result "1-0"]
[BlackTitle "FM"]
[WhiteElo "2154"]
[BlackElo "2121"]
[WhiteTeam "Sudan"]
[BlackTeam "Surinam"]
[WhiteFideId "12200590"]
[BlackFideId "8200084"]
[EventDate "2014.08.02"]

1. g3 g6 2. Bg2 Bg7 3. c4 c5 4. Nc3 Nc6 5. d3 e6 6. Nf3 Nge7 7. O-O O-O 8. Bg5
h6 9. Bf4 e5 10. Bd2 d6 11. a3 Kh7 12. Rb1 Rb8 13. b4 b6 14. b5 Nd4 15. Nxd4
exd4 16. Nd5 Nxd5 17. Bxd5 Bb7 18. Bf3 Bxf3 19. exf3 d5 20. Qb3 dxc4 21. Qxc4
Qd7 22. Kg2 Rbe8 23. Rfe1 Re6 24. Re4 Rxe4 25. fxe4 f5 26. Re1 fxe4 27. Rxe4 Re8
28. Rxe8 Qxe8 29. h4 Qa8+ 30. Kg1 Qe8 31. a4 Qe7 32. Kf1 h5 33. Qd5 Bh6 34. f4
Bg7 35. Kf2 Bf6 36. Kf3 Kg7 37. f5 g5 38. Qc6 gxh4 39. gxh4 Qe5 40. Qd7+ Kh8 41.
Qc8+ Kh7 42. Qb7+ Kh8 43. Qa8+ Kh7 44. Qxa7+ Bg7 45. Qf7 Qh2 46. Qxh5+ Kg8 47.
Qe8+ Kh7 48. Qg6+ Kh8 49. Qh5+ Kg8 50. Qg5 Qh3+ 51. Kf2 Qh2+ 52. Ke1 Qh1+ 53.
Ke2 c4 54. f6 cxd3+ 55. Kxd3 Qf1+ 56. Kxd4 Qf2+ 57. Kc3 Qf3+ 58. Be3 1-0

[Event "Olimpiade 2014 - Open"]
[Site "Tromsø"]
[Date "14.08.2014"]
[Round "11.63"]
[Board "3"]
[White "Hanoeman, Suradj"]
[Black "Ahmed Holi Ali, Moawia"]
[Result "0-1"]
[WhiteTitle "CM"]
[BlackTitle "CM"]
[WhiteElo "2024"]
[BlackElo "2067"]
[WhiteTeam "Surinam"]
[BlackTeam "Sudan"]
[WhiteFideId "8200173"]
[BlackFideId "12200328"]
[EventDate "2014.08.02"]

1. d4 Nf6 2. c4 e6 3. Nc3 d5 4. Nf3 c6 5. cxd5 cxd5 6. Bf4 Be7 7. e3 O-O 8. Bd3
a6 9. O-O Nbd7 10. Qe2 Nh5 11. Rad1 b5 12. a3 Bb7 13. Ne5 Nxf4 14. exf4 g6 15.
Rfe1 Bf6 16. Qg4 Bg7 17. h4 Rc8 18. Qh3 h5 19. Nxg6 fxg6 20. Qxe6+ Kh8 21. Qxg6
Nf6 22. Re6 Kg8 23. Rde1 Rf7 24. R1e5 Rc6 25. Bf5 Kf8 26. Rxc6 Bxc6 27. Be6 Re7
28. g4 hxg4 29. Bxg4 Be8 30. Qg5 Nxg4 31. Rxe7 Qxe7 32. Qxg4 Bxd4 33. Ne2 Bxb2
34. f5 Qg7 35. Qg5 Bf6 36. Qxg7+ Kxg7 37. Nf4 Bf7 38. Kf1 Bxh4 39. Ke2 Be7 40.
Kd3 Bxa3 41. Ne2 Bb2 42. Kc2 Bf6 43. Nc1 a5 44. Nb3 a4 45. Nc5 Bd4 46. Nd3 Kf6 0-1

[Event "Olimpiade 2014 - Open"]
[Site "Tromsø"]
[Date "14.08.2014"]
[Round "11.63"]
[Board "4"]
[White "Abdel Wahab, Elkhatem"]
[Black "Giasi, Viresh"]
[Result "1/2-1/2"]
[WhiteElo "2093"]
[BlackElo "1929"]
[WhiteTeam "Sudan"]
[BlackTeam "Surinam"]
[WhiteFideId "12200239"]
[BlackFideId "8200165"]
[EventDate "2014.08.02"]

1. e4 d5 2. exd5 Qxd5 3. Nf3 c6 4. Nc3 Qd6 5. Bc4 Nf6 6. O-O Bg4 7. d3 e6 8. Qe2
Nbd7 9. Bg5 Bxf3 10. Qxf3 Ne5 11. Qf4 Nxc4 12. Qxc4 Qc5 13. Qxc5 Bxc5 14. Bxf6
gxf6 15. Ne4 Be7 16. Rae1 O-O-O 17. Re3 f5 18. Nd2 Bg5 19. Re2 Bxd2 20. Rxd2 Kd7
21. Re2 Rdg8 22. Re3 Rg7 23. Rh3 Rhg8 24. g3 Rh8 25. Re1 Kd6 26. Kg2 Rg6 27. Kf3
h6 28. Rh4 Rhg8 29. Rd4+ Ke7 30. h3 h5 31. Re5 b6 32. Rh4 Rg5 33. Re3 Rd8 34.
Kg2 Rh8 35. Rf3 Rgg8 1/2-1/2

[Event "Olimpiade 2014 - Open"]
[Site "Tromsø"]
[Date "14.08.2014"]
[Round "11.65"]
[Board "1"]
[White "Lee, Sanghoon"]
[Black "Harper, Ryan"]
[Result "0-1"]
[WhiteTitle "FM"]
[BlackTitle "FM"]
[WhiteElo "2114"]
[BlackElo "2236"]
[WhiteTeam "South Korea"]
[BlackTeam "Trinidad & Tobago"]
[WhiteFideId "13200011"]
[BlackFideId "7700156"]
[EventDate "2014.08.02"]

1. Nf3 d5 2. g3 Nf6 3. c4 c6 4. Bg2 dxc4 5. O-O e6 6. a4 Nd5 7. Qc2 Be7 8. Na3
O-O 9. Nxc4 Nd7 10. d4 Nb4 11. Qb3 a5 12. Bd2 Nf6 13. Rfd1 Bd7 14. Nfe5 Be8 15.
h3 Rc8 16. e3 Nfd5 17. e4 Nf6 18. Nd3 b5 19. Nxa5 bxa4 20. Qc4 Nxd3 21. Qxd3 Qb6
22. Rxa4 c5 23. Nc4 Qb7 24. e5 Nd5 25. Raa1 Bb5 26. b3 cxd4 27. Qxd4 Bc5 28. Qg4
Qe7 29. Nd6 Bxd6 30. exd6 Qxd6 31. Bh6 Qe5 32. Re1 Qf6 33. Bg5 Qg6 34. Qh4 Bc6
35. Be4 f5 36. Bd3 Rb8 37. Bc4 h6 38. Be7 Rf7 39. Bd6 Re8 40. Ra6 Bb7 41. Ra5
Nc3 42. Qf4 Ne4 43. Bb4 Ng5 44. Kf1 Nxh3 45. Qd6 Ng5 46. Rae5 Qh5 47. Rxe6 Bg2+ 0-1

[Event "Olimpiade 2014 - Open"]
[Site "Tromsø"]
[Date "14.08.2014"]
[Round "11.65"]
[Board "2"]
[White "Winter Atwell, Adrian"]
[Black "Kim, Saebyeok"]
[Result "0-1"]
[WhiteTitle "CM"]
[WhiteElo "2110"]
[BlackElo "1873"]
[WhiteTeam "Trinidad & Tobago"]
[BlackTeam "South Korea"]
[WhiteFideId "7700750"]
[BlackFideId "13200518"]
[EventDate "2014.08.02"]

1. e4 c5 2. c3 d6 3. d4 Nf6 4. Bd3 g6 5. Nf3 Bg7 6. h3 Qc7 7. O-O O-O 8. Be3 b6
9. Re1 e5 10. Nbd2 exd4 11. cxd4 Nc6 12. Rc1 Re8 13. a3 a5 14. Bb5 Bd7 15. Bc4
h6 16. Qb3 Bc8 17. Bb5 Ba6 18. Bxc6 Qxc6 19. e5 dxe5 20. dxc5 b5 21. Qc2 a4 22.
Red1 Rad8 23. b3 axb3 24. Nxb3 Nd5 25. Bd2 Rc8 26. Na5 Qc7 27. Qa2 Ne7 28. c6 e4
29. Nh2 Red8 30. Ng4 Nf5 31. Bb4 h5 32. Rxd8+ Rxd8 33. Ne3 Nxe3 34. fxe3 Rd3 35.
Nb3 Qg3 36. Be1 Qxe3+ 37. Bf2 Qg5 38. c7 Bc8 39. h4 Qf4 40. Rf1 Be5 41. g3 Qg4
42. Nc1 Bxg3 43. Ne2 Bxc7+ 44. Bg3 Be6 0-1

[Event "Olimpiade 2014 - Open"]
[Site "Tromsø"]
[Date "14.08.2014"]
[Round "11.65"]
[Board "3"]
[White "Kim, Changhoon"]
[Black "Johnson, Joshua"]
[Result "1/2-1/2"]
[BlackTitle "CM"]
[WhiteElo "1846"]
[BlackElo "2069"]
[WhiteTeam "South Korea"]
[BlackTeam "Trinidad & Tobago"]
[WhiteFideId "34117234"]
[BlackFideId "7700768"]
[EventDate "2014.08.02"]

1. Nf3 d5 2. c4 c6 3. e3 Nf6 4. Nc3 e6 5. Qc2 Nbd7 6. b3 Bd6 7. Bb2 a6 8. d4 b5
9. Bd3 Rb8 10. O-O O-O 11. Rfd1 Qe7 12. e4 dxc4 13. bxc4 e5 14. cxb5 cxb5 15.
Nd5 Qe6 16. Ne3 g6 17. d5 Qe7 18. a4 Nc5 19. axb5 Nxd3 20. Qxd3 axb5 21. Ra5 Nd7
22. Rc1 f6 23. Raa1 Nc5 24. Qc2 Ba6 25. Ne1 Rfc8 26. f3 Qa7 27. Qd1 Nxe4 28.
fxe4 Qxe3+ 29. Kh1 Rxc1 30. Bxc1 Qb6 31. Qe2 Bc5 32. Qa2 Bb7 33. Bh6 Ra8 34. Qb1
Rxa1 35. Qxa1 Be3 36. Bxe3 Qxe3 37. Qb1 b4 38. Qxb4 f5 39. Nf3 fxe4 40. Qxb7
exf3 41. gxf3 Qxf3+ 42. Kg1 Qg4+ 43. Kf2 Qf4+ 44. Kg2 e4 45. Qc8+ Kg7 46. Qd7+
Qf7 47. Qxf7+ Kxf7 48. Kf2 Kf6 49. Ke3 Ke5 50. d6 Kxd6 51. Kxe4 Ke6 52. Kf4 h6
53. Ke4 Kf6 54. Kf4 g5+ 55. Kg4 Kg6 56. Kg3 h5 57. Kg2 Kf5 58. Kf3 g4+ 59. Kg3
Kg5 60. Kg2 Kh4 61. Kg1 Kg5 62. Kg2 Kf4 63. Kf2 h4 64. Kg2 Ke4 65. Kf2 Kd3 66.
Ke1 Ke3 67. Kf1 Kf3 68. Kg1 Ke2 69. Kg2 Ke3 70. Kf1 Ke4 71. Kf2 Kd4 72. Ke2 Ke4
73. Kf2 1/2-1/2

[Event "Olimpiade 2014 - Open"]
[Site "Tromsø"]
[Date "14.08.2014"]
[Round "11.65"]
[Board "4"]
[White "Merritt, Mario"]
[Black "Lee, Jun Hyeok"]
[Result "1/2-1/2"]
[WhiteTitle "FM"]
[WhiteElo "2078"]
[BlackElo "1884"]
[WhiteTeam "Trinidad & Tobago"]
[BlackTeam "South Korea"]
[WhiteFideId "7700148"]
[BlackFideId "13202340"]
[EventDate "2014.08.02"]

1. c4 Nf6 2. g3 g6 3. Bg2 d5 4. cxd5 Nxd5 5. Nc3 Nxc3 6. bxc3 Bg7 7. Rb1 Nc6 8.
Nf3 O-O 9. O-O Qd7 10. d4 b6 11. Ne5 Bxe5 12. dxe5 Rd8 13. Qxd7 Bxd7 14. Rb2
Rac8 15. Rd2 Be8 16. Bxc6 Bxc6 17. Rfd1 Rxd2 18. Rxd2 Kf8 19. f4 Ke8 20. Kf2 Bd7
21. e4 c5 22. Kf3 b5 23. g4 b4 24. f5 a5 25. e6 fxe6 26. fxg6 hxg6 27. Kf4 Ba4
28. Kg5 bxc3 29. Rf2 Rd8 30. Kxg6 Rd1 31. Bf4 c2 32. h4 c1=Q 33. Bxc1 Rxc1 34.
h5 c4 35. g5 c3 36. h6 Rh1 37. h7 Kd7 38. Rf1 Rh3 39. Kg7 Bc6 40. h8=Q Rxh8 41.
Kxh8 Bxe4 42. Kg7 Kd6 43. Kf7 Kd5 44. g6 Bxg6+ 45. Kxg6 Ke4 46. Re1+ Kd3 47.
Rd1+ Ke2 48. Rd7 c2 49. Rc7 Kd2 50. Rd7+ Kc3 51. Rc7+ Kb2 52. Rb7+ Kxa2 53. Rc7
Kb2 54. Rb7+ Kc1 55. Ra7 Kd2 56. Rd7+ Ke3 57. Rc7 Kd2 58. Rd7+ Kc1 59. Ra7 e5
60. Kf5 a4 61. Rxa4 1/2-1/2

[Event "Olimpiade 2014 - Open"]
[Site "Tromsø"]
[Date "14.08.2014"]
[Round "11.66"]
[Board "1"]
[White "Al-Hajiri, Bader"]
[Black "Blijstra, Wim"]
[Result "1/2-1/2"]
[WhiteElo "2123"]
[BlackElo "2201"]
[WhiteTeam "Kuwait"]
[BlackTeam "Netherlands Antilles"]
[WhiteFideId "10300163"]
[BlackFideId "1018000"]
[EventDate "2014.08.02"]

1. e4 c5 2. Nf3 d6 3. d4 cxd4 4. Qxd4 Nc6 5. Bb5 Bd7 6. Bxc6 Bxc6 7. Nc3 Nf6 8.
Bg5 e6 9. O-O-O Be7 10. Rhe1 O-O 11. Kb1 Qc7 12. Qd2 Rfd8 13. Nd4 Be8 14. f3 a6
15. g4 b5 16. Nce2 a5 17. Ng3 a4 18. Nh5 a3 19. Bxf6 Bxf6 20. Nxf6+ gxf6 21. b3
Qc5 22. g5 fxg5 23. Rg1 h6 24. h4 Kf8 25. hxg5 hxg5 26. Rxg5 Qb6 27. Nxe6+ fxe6
28. Qf4+ Bf7 29. Qf6 Ke8 30. Rg7 Ra7 31. Rh1 Re7 32. Rxf7 Rxf7 33. Rh8+ Kd7 34.
Rxd8+ Kc7 35. Qxf7+ Kxd8 36. Kc1 Qg1+ 37. Kd2 Qf2+ 38. Kd3 Qf1+ 39. Kc3 Qe1+ 40.
Kd3 Qd1+ 41. Ke3 Qc1+ 42. Kd3 1/2-1/2

[Event "Olimpiade 2014 - Open"]
[Site "Tromsø"]
[Date "14.08.2014"]
[Round "11.66"]
[Board "2"]
[White "Maduro, Sherman"]
[Black "Maqseed, Nasser"]
[Result "1-0"]
[WhiteTitle "CM"]
[BlackTitle "CM"]
[WhiteElo "1993"]
[BlackElo "1951"]
[WhiteTeam "Netherlands Antilles"]
[BlackTeam "Kuwait"]
[WhiteFideId "7500122"]
[BlackFideId "10300074"]
[EventDate "2014.08.02"]

1. e4 c5 2. Nf3 d6 3. d4 cxd4 4. Nxd4 Nf6 5. Nc3 a6 6. Bg5 Nbd7 7. f3 Qb6 8. Qd2
Qxb2 9. Rb1 Qa3 10. Be3 Qa5 11. g4 h6 12. h4 e6 13. Be2 Be7 14. Kf2 Nh7 15. g5
hxg5 16. hxg5 O-O 17. f4 Nc5 18. Bd3 e5 19. Nf5 Bxf5 20. exf5 Rfc8 21. f6 Nxd3+
22. Qxd3 g6 23. Nd5 Bd8 24. f5 Qa4 25. fxg6 Qxc2+ 26. Qxc2 Rxc2+ 27. Kf3 fxg6
28. Rxb7 Bc7 1-0

[Event "Olimpiade 2014 - Open"]
[Site "Tromsø"]
[Date "14.08.2014"]
[Round "11.66"]
[Board "3"]
[White "Shehab, Ibrahim"]
[Black "Izijk, Jimmy"]
[Result "1/2-1/2"]
[WhiteElo "2036"]
[BlackElo "2026"]
[WhiteTeam "Kuwait"]
[BlackTeam "Netherlands Antilles"]
[WhiteFideId "10300082"]
[BlackFideId "7500041"]
[EventDate "2014.08.02"]

1. d4 d5 2. Nf3 Nf6 3. g3 c5 4. dxc5 Qa5+ 5. Nbd2 Nc6 6. Bg2 e5 7. O-O Qxc5 8.
e4 dxe4 9. Ng5 e3 10. Nde4 exf2+ 11. Rxf2 Nxe4 12. Bxe4 f5 13. Bd5 Nd8 14. c3 g6
15. b4 Qe7 16. Bf4 Bg7 17. Re2 h6 18. Nf3 e4 19. Nd4 Ne6 20. Bxe4 Bxd4+ 21. cxd4
fxe4 22. Rxe4 Qxb4 23. Qc2 O-O 24. Bxh6 Nxd4 25. Qd3 Nf3+ 26. Kh1 Qb2 27. Qb3+
Qxb3 28. axb3 Bf5 29. Re7 Rf7 30. Rxf7 Kxf7 31. Kg2 Be4 32. Kf2 Nxh2 33. Bf4
Ng4+ 34. Ke2 a6 35. Ra4 Re8 36. Kd2 Bc6 37. Rc4 Ke6 38. Kc3 a5 39. Rc5 Ra8 40.
Rg5 Nf2 41. Rxg6+ Kf7 42. Rh6 a4 43. bxa4 Rxa4 44. Rh7+ Kg6 45. Rh6+ Kf5 46. Rh8
Ke4 47. Bd6 Kd5 48. Bf4 Ne4+ 49. Kb3 Nc5+ 50. Kc3 Ne6 51. Rh5+ Ke4 52. Bd6 Kf3
53. Rf5+ Kg4 54. Rf6 Ng5 55. Kb3 Ne4 56. Rf4+ Kg5 57. Be7+ Kg6 58. Bb4 Ra1 59.
Rg4+ Kf5 60. Rf4+ Ke5 61. Rg4 Rg1 62. Ba5 Kf5 63. Rf4+ Ke6 64. g4 Bd5+ 65. Kc2
Rg3 66. Be1 Rh3 67. Ba5 Rh2+ 68. Kd3 Rf2 69. Rxf2 Nxf2+ 70. Kd4 Nxg4 71. Kc5 Nf6
72. Kb6 Nd7+ 73. Kb5 Ke5 74. Bc3+ Ke4 75. Ba5 Kd4 76. Be1 Bc4+ 77. Kb4 b5 78.
Bf2+ Kd3 79. Bh4 Kc2 80. Bd8 Ne5 81. Bf6 Nd3+ 82. Ka3 b4+ 83. Ka4 b3 84. Ka3 Bf7
85. Bh8 Nc5 86. Bg7 Nd3 87. Bh8 Nc1 88. Ba1 Na2 89. Bb2 Be6 90. Ba1 Nc3 91. Kb4
Nd1 92. Ka3 Ne3 93. Bh8 Nc4+ 94. Kb4 b2 95. Bxb2 Nxb2 96. Kc5 Kc3 97. Kd6 Bb3
98. Ke5 Nd3+ 99. Ke4 Be6 100. Ke3 Bf5 101. Ke2 Kd4 102. Kf3 Be6 103. Ke2 Bd5
104. Kd2 Bb3 105. Ke2 Ne5 106. Kf2 Ke4 107. Ke2 Nf3 108. Kf2 Kf4 109. Kg2 Bc4
110. Kf2 Bd3 111. Kg2 Ng5 112. Kf2 Ne4+ 113. Kg2 Ke3 114. Kh3 Kf4 115. Kg2 Be2
116. Kh3 Kg5 117. Kg2 Kg4 118. Kh2 Kf3 119. Kh3 Kf2 120. Kh4 Bd1 121. Kh3 Bh5
122. Kh4 Be8 123. Kg4 Ke3 124. Kf5 Ba4 125. Ke5 Bb3 126. Kf5 Nf2 127. Ke5 Ng4+
128. Kd6 Kd4 129. Ke7 Ke5 130. Kf8 Nh6 131. Kg7 Nf5+ 132. Kg6 Bg8 133. Kg5 Bf7
134. Kg4 Nd4 135. Kg5 Nf3+ 136. Kg4 Ke4 137. Kg3 Ke3 138. Kg4 Bg6 139. Kg3 Bf5
140. Kg2 Nd2 141. Kg3 Nf1+ 142. Kh4 Kf4 143. Kh5 Ne3 144. Kh6 Nd5 145. Kg7 Be6
146. Kf8 Ke5 1/2-1/2